00325nam a2200121Ia 4500008004100000041000800041082001800049100004400067245003200111250000600143260004100149300001300190210716s2016 xx 000 0 und d aeng a005.3068 MARR aMartinelli, Russ J;Milosevic, Dragan Z. aProject management toolbox. a2 aNew DelhibWiley India Pvt Ltdc2016 axvii,459